000 01922nam0a2200337 4500
001 RU\NLR\BIBL_A\012082247
005 20190903102820.0
010 _a978-5-88872-279-4
_924
021 _aRU
_bКН-П-19-055585
_9КН-П-19-3990
035 _a(NLR Aleph) 012082247
035 _a(RuMoRGB)010050186
090 _a11809572
_c11809572
100 _a20190828d2019 k y0rusy50 ca
101 0 _arus
102 _aRU
105 _ay|||z|||000zy
200 1 _aНравственно-правовые основы гражданского судопроизводства
_eмонография
_fС.В. Мельник, С.К. Жиляева
_gМинистерство внутренних дел Российской Федерации, Федеральное государственное казённое образовательное учреждение высшего образования "Орловский юридический институт Министерства внутренних дел Российской Федерации имени В.В. Лукьянова"
210 _aОрел
_cОрЮИ МВД России имени В.В. Лукьянова
_d2019
215 _a75 с.
_d20
300 _aВ вып. дан. авт.: кандидаты юрид. наук Мельник С.В., Жиляева С.К.
320 _aБиблиогр. в подстроч. примеч.
606 1 _aГражданский процесс
_xНравственные основы
_yРоссийская Федерация
_92422163
_3RU\NLR\AUTH\6601660954
686 1 _aХ062.002
686 1 _aХ629.2
700 1 _aМельник
_bС. В.
_gСергей Васильевич
701 1 _aЖиляева
_bС. К.
_gСветлана Константиновна
942 _cBOOK
980 _aNBR
980 _aNB